000 00439nam a2200181Ia 4500
001 7368
005 20260306160450.0
008 260306t2012||||xx |||||||||||||| ||spa||
041 _aESP
082 _a338.7
_bM42 2012
100 _aMéndez Morales, José Silvestre
_eAUT
245 0 _aEconomía de la empresa
260 _c2012
300 _axi, 362 páginas :
_c24 cm.
650 _aGEN
654 _aCAN
942 _cLIB
_dJUS
_fJUS
_2ddc
_n
999 _c7368
_d7368